[Event "Challenge"]
[Site "http://www.queenalice.com/game.php?id=398094"]
[Date "2008.5.4"]
[Round "-"]
[White "AllanTadeu"]
[Black "Jamtony"]
[Result "1-0"]
[WhiteElo "1342"]
[BlackElo "1672"]

1. e4 e5 2. Qf3 Nf6 3. Nc3 a6 4. d3 Bb4 5. Bd2 Bxc3 6. Bxc3 O-O 7. O-O-O d6 8.
g3 Bg4 9. Qe3 Bxd1 10. Kxd1 Ng4 11. Qd2 Qf6 12. Ke1 Nc6 13. h3 Qf3 14. Nxf3 Nf6
15. d4 exd4 16. Nxd4 Nxe4 17. Qe2 Rfe8 18. Rg1 b5 19. Nxc6 Nxc3 20. bxc3 a5 21.
Bg2 Rac8 22. Ne7+ Kf8 23. Nxc8 Rxc8 24. Kd1 c6 25. Re1 g6 26. Qe7+ Kg7 27. Qxd6
b4 28. c4 c5 29. Re5 a4 30. Rxc5 Re8 31. Rc7 h5 32. Qd7 Rf8 33. Rc8 Rxc8 34.
Qxc8 Kf6 35. c5 Ke5 36. c6 Kd4 37. Kd2 Kc4 38. Qd8 f5 39. c7 b3 40. axb3+ axb3
41. c8=Q+ Kb4 42. Qb6+ Ka3 43. Qc3 1-0

[Event "Challenge"]
[Site "http://www.queenalice.com/game.php?id=401283"]
[Date "2008.5.11"]
[Round "-"]
[White "AllanTadeu"]
[Black "sdbrasil"]
[Result "1-0"]
[WhiteElo "1394"]
[BlackElo "1180"]

1. e4 e5 2. Qf3 Nf6 3. d3 b5 4. Na3 a6 5. c4 Nc6 6. Ne2 Bb4+ 7. Bd2 O-O 8. Bxb4
Nxb4 9. g3 Nc2+ 10. Nxc2 bxc4 11. dxc4 Bb7 12. Nc3 d5 13. cxd5 c6 14. Rd1 Qd7
15. Bc4 g5 16. Qxf6 a5 17. O-O Rac8 18. Qxg5+ Kh8 19. Ne3 cxd5 20. Bxd5 Ba6 21.
Rfe1 f6 22. Qg4 Qd8 23. Nf5 Rg8 24. Bxg8 Qxg8 25. Qh4 Qg6 26. Ne7 Qg8 27. Nxg8
Kxg8 28. Qg4+ Kf8 29. Nd5 Rb8 30. b3 Bc8 31. Qh4 Ra8 32. Qxf6+ Kg8 33. Ne7# 1-0

[Event "Challenge"]
[Site "http://www.queenalice.com/game.php?id=404159"]
[Date "2008.5.16"]
[Round "-"]
[White "philler"]
[Black "AllanTadeu"]
[Result "1-0"]
[WhiteElo "1791"]
[BlackElo "1438"]

1. e4 e6 2. d4 Nf6 3. Bg5 d5 4. e5 h6 5. Bh4 Nc6 6. Nf3 g5 7. Bg3 Ne4 8. Nc3 a6
9. a3 Nxc3 10. bxc3 f5 11. exf6 Qxf6 12. Ne5 Bg7 13. Nxc6 bxc6 14. Bxc7 Rf8 15.
Qd2 Rf7 16. Be5 Qf5 17. Bd3 Qg4 18. f3 Qh5 19. Bxg7 Rxg7 20. O-O Bb7 21. Rae1
Qf7 22. Re5 O-O-O 23. Rfe1 Re8 24. c4 Re7 25. c5 h5 26. Rxg5 h4 27. h3 Kd8 28.
Ree5 Bc8 29. Bxa6 Bxa6 30. Qa5+ Kd7 31. Qxa6 Rxg5 32. Rxg5 Qf6 33. Rg4 Qf5 34.
Qa7+ Ke8 35. Qb8+ Kf7 36. Qg8+ Kf6 37. Qh8+ Kf7 38. Rg7+ Kf6 39. Qf8+ Rf7 40.
Qxf7# 1-0

[Event "Challenge"]
[Site "http://www.queenalice.com/game.php?id=404164"]
[Date "2008.5.16"]
[Round "-"]
[White "AllanTadeu"]
[Black "Leijoto"]
[Result "1-0"]
[WhiteElo "1371"]
[BlackElo "1536"]

1. e4 e5 2. Qf3 Nf6 3. g3 g6 4. d3 Bg7 5. Nc3 c6 6. Bg2 O-O 7. Nh3 d6 8. O-O
Nbd7 9. b4 a5 10. Rb1 Nb6 11. Be3 Bg4 12. Bxb6 Qxb6 13. Qe3 Qxe3 14. fxe3 axb4
15. Rxb4 b5 16. a4 Bh6 17. Rxf6 Bxe3+ 18. Nf2 Be6 19. h3 Kg7 20. Rf3 Bc5 21. Rb1
bxa4 22. Kh2 a3 23. Ra1 Bd4 24. Nfd1 Rfb8 25. Rf1 Rb2 26. Ne2 Bc5 27. Nxb2 Rb8
28. Nc4 d5 29. Nxa3 Rb2 30. Rfc1 dxe4 31. Bxe4 f5 32. Bxc6 g5 33. Nc4 Bxc4 34.
dxc4 Rb6 35. Bd5 Rd6 36. Ra5 Be3 37. Rca1 Rh6 38. Kg2 g4 39. h4 Rf6 40. Ra6 f4
41. gxf4 exf4 42. Rxf6 Kxf6 43. Nxf4 Bxf4 44. c5 1-0

[Event "Challenge"]
[Site "http://www.queenalice.com/game.php?id=404606"]
[Date "2008.5.17"]
[Round "-"]
[White "AllanTadeu"]
[Black "Trajan"]
[Result "0-1"]
[WhiteElo "1439"]
[BlackElo "1877"]

1. e4 c6 2. d4 d5 3. f3 dxe4 4. fxe4 Nf6 5. Nc3 e6 6. Nf3 b6 7. Bg5 Be7 8. Bb5
cxb5 9. Bxf6 Bxf6 10. Nxb5 Ba6 11. Qd3 Nc6 12. c3 O-O 13. O-O-O Re8 14. Rhe1 Qd7
15. d5 Nb4 16. cxb4 Bxb5 17. Qd2 Rac8+ 18. Kb1 exd5 19. exd5 Qf5+ 20. Ka1 Rc2
21. g4 Bxb2+ 22. Kb1 Rxd2+ 23. Re4 Qxe4# 0-1

[Event "Challenge"]
[Site "http://www.queenalice.com/game.php?id=404826"]
[Date "2008.5.18"]
[Round "-"]
[White "AllanTadeu"]
[Black "Endgamer"]
[Result "1/2-1/2"]
[WhiteElo "1427"]
[BlackElo "1704"]

1. e4 c6 2. d4 d5 3. f3 dxe4 4. fxe4 e5 5. c3 Nf6 6. Qd3 Be6 7. Nd2 Nbd7 8. Nb3
Qb6 9. Nf3 Bd6 10. dxe5 Bxe5 11. Bg5 Rd8 12. O-O-O Bxb3 13. axb3 O-O 14. Bxf6
Bxf6 15. b4 Ne5 16. Qe2 Rxd1+ 17. Qxd1 Qe3+ 18. Kb1 Rd8 19. Qe2 Qd3+ 20. Qxd3
Nxd3 21. Be2 Nf2 22. Rc1 Nxe4 23. Rd1 Rxd1+ 24. Bxd1 g5 25. Bc2 Nd6 26. g3 g4
27. Nd2 h5 28. Ne4 Nxe4 29. Bxe4 Be7 30. Kc1 f5 31. Bxf5 Kg7 32. Kc2 Kf6 33. Bd3
Kg5 34. Kb3 h4 35. Ka4 hxg3 36. hxg3 Bd6 37. c4 Bxg3 38. b5 Kf4 39. bxc6 bxc6
40. b4 Bf2 41. Bf1 Kf3 42. c5 g3 43. Ka5 Be1 44. Ka4 g2 45. Bxg2+ Kxg2 46. b5
cxb5+ 47. Kxb5 Bf2 48. c6 1/2-1/2

[Event "Challenge"]
[Site "http://www.queenalice.com/game.php?id=406640"]
[Date "2008.5.22"]
[Round "-"]
[White "AllanTadeu"]
[Black "amaralch7"]
[Result "1-0"]
[WhiteElo "1436"]
[BlackElo "1813"]

1. e3 e6 2. Nf3 f6 3. d4 d5 4. c4 Bb4+ 5. Bd2 a5 6. a3 Bxd2+ 7. Nbxd2 Ne7 8. Bd3
O-O 9. O-O c6 10. Qc2 Nf5 11. Bxf5 exf5 12. Rfe1 Be6 13. b3 Nd7 14. c5 Kh8 15.
g3 Rb8 16. b4 g5 17. Qc3 a4 18. Rab1 b6 19. cxb6 Nxb6 20. Qc2 Nc4 21. Nxc4 dxc4
22. Qxa4 Bd5 23. Nd2 Ra8 24. Qc2 Be4 25. Nxe4 fxe4 26. Qxc4 Qd7 27. Ra1 h5 28.
Qc2 Qg4 29. Qe2 Qh3 30. a4 f5 31. Rec1 Rf6 32. Qf1 Qg4 33. h3 Qf3 34. Rc2 h4 35.
Qe2 Qxe2 36. Rxe2 hxg3 37. fxg3 Rh6 38. Rh2 f4 39. Kf2 fxg3+ 40. Kxg3 Rf6 41.
Rf2 Rh6 42. Rf7 Ra6 43. Re7 Rf6 44. Kg4 Rf3 45. Rxe4 Rf7 46. Kxg5 Kh7 47. Rf4
Rg7+ 48. Kh4 Rg6 49. e4 c5 50. dxc5 Rh6+ 51. Kg4 Rag6+ 52. Kf3 Rxh3+ 53. Ke2 Kh6
54. b5 Re6 55. Rg1 Rh2+ 56. Kf1 Kh5 57. c6 Rd6 58. Rf2 Rxf2+ 59. Kxf2 Rd2+ 60.
Ke3 Ra2 61. Rg8 Rxa4 62. c7 1-0

[Event "Challenge"]
[Site "http://www.queenalice.com/game.php?id=406989"]
[Date "2008.5.23"]
[Round "-"]
[White "Leijoto"]
[Black "AllanTadeu"]
[Result "0-1"]
[WhiteElo "1533"]
[BlackElo "1401"]

1. e4 e6 2. Bc4 Nc6 3. d4 d5 4. exd5 exd5 5. Bd3 Nxd4 6. Nf3 Bg4 7. O-O Bxf3 8.
gxf3 Nf6 9. Bg5 Be7 10. Re1 O-O 11. c3 Ne6 12. Bxf6 Bxf6 13. Bf5 Re8 14. Bc2 Bh4
15. Qd3 g6 16. Nd2 Nf4 17. Qb5 Qg5+ 18. Kf1 Qg2# 0-1

[Event "Challenge"]
[Site "http://www.queenalice.com/game.php?id=407495"]
[Date "2008.5.24"]
[Round "-"]
[White "AllanTadeu"]
[Black "ebelote"]
[Result "0-1"]
[WhiteElo "1437"]
[BlackElo "1598"]

1. e3 e5 2. Nf3 d6 3. b3 g6 4. Nc3 Bg7 5. Bb2 Nf6 6. d3 O-O 7. e4 Bg4 8. Be2 Nc6
9. a3 d5 10. exd5 Nxd5 11. Nxd5 Qxd5 12. c4 Qd7 13. O-O a5 14. g3 Qf5 15. a4
Rad8 16. Ba3 Rfe8 17. Rc1 Bxf3 18. Bxf3 Rxd3 19. Qe2 Rxf3 20. Qc2 e4 21. Rfe1
Nd4 22. Qb1 Rxf2 23. Rf1 Ne2+ 24. Kh1 Qf3# 0-1

[Event "Challenge"]
[Site "http://www.queenalice.com/game.php?id=408236"]
[Date "2008.5.26"]
[Round "-"]
[White "AllanTadeu"]
[Black "danihel"]
[Result "1-0"]
[WhiteElo "1458"]
[BlackElo "1742"]

1. e3 e5 2. Qf3 Ne7 3. Bc4 f6 4. Qh5+ g6 5. Qf3 Bg7 6. e4 h5 7. a4 d6 8. Ba2 Bg4
9. Qb3 Rf8 10. Nc3 b6 11. Qc4 c6 12. b4 a6 13. f3 b5 14. Qb3 f5 15. fxg4 fxg4
16. d3 Qb6 17. Bg5 Qf2+ 18. Kd1 Qf1+ 19. Kd2 Qxg2+ 20. Nge2 Bf6 21. Bxf6 Rxf6
22. Rag1 Qh3 23. Qa3 Qh4 24. Kc1 Nd7 25. axb5 Qf2 26. bxa6 Qe3+ 27. Kb2 Rb8 28.
Rg3 Qb6 29. a7 Ra8 30. Rgg1 Rxa7 31. Qb3 c5 32. Rf1 d5 33. exd5 Rd6 34. Rf2 Qxb4
35. Nb5 Rxa2+ 36. Kxa2 Nxd5 37. Nxd6+ Kd8 38. Qxb4 cxb4 39. Rb1 Nc3+ 40. Nxc3
bxc3 41. Rb5 Kc7 42. Nc4 Kc6 43. Na3 h4 44. Kb3 g5 45. Kxc3 g3 46. hxg3 hxg3 47.
Rg2 g4 48. Rxg3 Nf6 49. Rxe5 Kd6 50. Nc4+ Kd7 51. d4 Kc8 52. d5 Kd7 53. Ne3 Kd6
54. Kd4 Nh7 55. Nf5+ Kd7 56. Re7+ Kd8 57. Rxh7 Ke8 58. Rxg4 Kf8 59. Ra7 Ke8 60.
Rg8# 1-0

[Event "Challenge"]
[Site "http://www.queenalice.com/game.php?id=410972"]
[Date "2008.5.31"]
[Round "-"]
[White "AllanTadeu"]
[Black "ricardoabe"]
[Result "0-1"]
[WhiteElo "1466"]
[BlackElo "1604"]

1. e3 d5 2. Nc3 e6 3. g3 Nf6 4. Nf3 Nc6 5. a3 d4 6. exd4 Nxd4 7. Bg2 Nxf3+ 8.
Bxf3 Nd5 9. d3 c6 10. O-O f5 11. Bh5+ g6 12. Bf3 h5 13. h4 a5 14. Bg5 Be7 15.
Bxe7 Qxe7 16. b4 Nxc3 17. Qd2 axb4 18. axb4 Rxa1 19. Rxa1 Qxb4 20. Qe3 Nd5 21.
Bxd5 cxd5 22. Ra8 Qb1+ 23. Kg2 Kd7 24. Qd4 Re8 25. Qa4+ b5 26. Qa6 Bxa6 27. Rxa6
Qxc2 28. Ra5 Qxd3 29. Ra7+ Kd6 30. Rg7 Ra8 31. Rxg6 Ra1 32. Rg5 Qe2 33. Rg6 Rf1
34. g4 Qxf2+ 35. Kh3 Rh1# 0-1

[Event "Challenge"]
[Site "http://www.queenalice.com/game.php?id=411282"]
[Date "2008.6.1"]
[Round "-"]
[White "miguelnalexandre"]
[Black "AllanTadeu"]
[Result "1-0"]
[WhiteElo "1551"]
[BlackElo "1447"]

1. Nc3 e6 2. e4 Qf6 3. Bc4 Bc5 4. Nh3 d6 5. d3 e5 6. Bg5 Qg6 7. O-O Nc6 8. Nd5
Bb6 9. b4 h6 10. Be3 Bxh3 11. g3 Bxf1 12. Kxf1 O-O-O 13. a4 Bxe3 14. Nxe3 Nxb4
15. c3 Nc6 16. Rb1 b6 17. Bd5 Nge7 18. Qg4+ Qxg4 19. Nxg4 f6 20. Be6+ Kb8 21.
Ne3 g6 22. Ke2 Rhf8 23. Ng4 h5 24. Nh6 f5 25. exf5 gxf5 26. Rf1 Rf6 27. Bxf5
Rxh6 28. Be4 d5 29. Bf3 a6 30. h4 b5 31. Rb1 d4 32. axb5 axb5 33. Rxb5+ Ka8 34.
c4 Ka7 35. Rd5 Nxd5 36. cxd5 Nb4 37. Be4 Nxd5 38. f4 Nf6 39. Bf5 c5 40. fxe5 Rd5
41. Kf3 Rxe5 42. Kf4 Ng4 43. Bxg4 1-0

[Event "Vai encarar o cegonha???"]
[Site "http://www.queenalice.com/game.php?id=414729"]
[Date "2008.6.7"]
[Round "-"]
[White "superhomem222"]
[Black "AllanTadeu"]
[Result "1-0"]
[WhiteElo "1390"]
[BlackElo "1477"]

1. d3 e6 2. a3 Bc5 3. g3 Qf6 4. Nf3 b6 5. b4 Qxa1 6. Nbd2 Bb7 7. Nb3 Qf6 8. bxc5
Bxf3 9. exf3 Nc6 10. Bg2 Nd4 11. f4 bxc5 12. Bxa8 c6 13. Bb2 Nh6 14. Bxd4 cxd4
15. Nc5 d6 16. Ne4 Qd8 17. Bxc6+ Ke7 18. Qh5 Qc7 19. Qg5+ f6 20. Qxg7+ Nf7 21.
Qxf6+ Kf8 22. Ba4 h6 23. Qxe6 Qb8 24. Ke2 Qb7 25. Be8 Nd8 26. Qf6+ Kg8 27. Qxd8
Kg7 28. Qf6+ Kg8 29. Nxd6 Qd5 30. Bd7 Rh7 31. Be6+ Qxe6+ 32. Qxe6+ Kf8 33. Qf5+
Kg8 34. Rb1 a6 35. Rb8+ Kg7 36. Qf7# 1-0

[Event "Challenge"]
[Site "http://www.queenalice.com/game.php?id=415675"]
[Date "2008.6.10"]
[Round "-"]
[White "AllanTadeu"]
[Black "Tobe10"]
[Result "0-1"]
[WhiteElo "1435"]
[BlackElo "1286"]

1. e3 b6 2. Bc4 e6 3. Nc3 g5 4. Qf3 d5 5. Bb5+ c6 6. Ba4 b5 7. Bb3 h6 8. a4 b4
9. Na2 Nf6 10. d3 h5 11. Bd2 g4 12. Qe2 c5 13. f3 e5 14. e4 d4 15. h3 g3 16. Bg5
Bh6 17. Bxf6 Qxf6 18. Bd5 Nc6 19. Bxc6+ Qxc6 20. b3 Be6 21. c4 a5 22. f4 exf4
23. Nf3 Qd7 24. Ne5 Qd6 25. Qxh5 Bg7 26. Qg5 Rg8 27. O-O Qxe5 28. Qxf4 Bh8 29.
Rae1 Rg4 0-1

[Event "Challenge"]
[Site "http://www.queenalice.com/game.php?id=416481"]
[Date "2008.6.12"]
[Round "-"]
[White "luiz_gustavo"]
[Black "AllanTadeu"]
[Result "1-0"]
[WhiteElo "1608"]
[BlackElo "1485"]

1. e4 e6 2. d4 d5 3. exd5 Qxd5 4. Be3 Nc6 5. c4 Qd7 6. Nf3 f6 7. Nc3 a6 8. Be2
Bb4 9. O-O Nge7 10. d5 Bxc3 11. bxc3 Ne5 12. Nxe5 fxe5 13. Bf3 O-O 14. Bc5 Rf4
15. Bg4 Nf5 16. h3 b6 17. Bxf5 Rxf5 18. Be3 Bb7 19. g4 Rf6 20. dxe6 Qxe6 21. Qb3
Raf8 22. c5 Bd5 23. Qa3 Bc4 24. Rfd1 Qe7 25. Bg5 Be2 26. Rd2 Bc4 27. Bxf6 Qxf6
28. cxb6 Qf4 29. Rad1 Bd5 30. bxc7 Qf3 31. Qxf8+ Kxf8 32. c8=Q+ Kf7 33. Qf5+
Qxf5 34. gxf5 Be4 35. Rd7+ Kf6 36. R1d6+ Kxf5 37. Rxg7 h6 38. Rxh6 a5 39. Kh2 a4
40. Kg3 Bd5 41. a3 e4 42. h4 Bc4 43. Ra7 Bb5 44. c4 Bxc4 45. Ra5+ Bd5 46. Rxd5#
1-0

[Event "Challenge"]
[Site "http://www.queenalice.com/game.php?id=421604"]
[Date "2008.6.22"]
[Round "-"]
[White "zonszein"]
[Black "AllanTadeu"]
[Result "1-0"]
[WhiteElo "2155"]
[BlackElo "1474"]

1. d4 d5 2. Nf3 f6 3. c4 e6 4. e3 Bb4+ 5. Bd2 Bxd2+ 6. Nbxd2 Nh6 7. Bd3 Ng4 8.
Ne5 fxe5 9. Qxg4 O-O 10. dxe5 dxc4 11. Nxc4 Qxd3 12. Rd1 Qf5 13. Qxf5 exf5 14.
f4 Be6 15. Nd2 Bxa2 16. b3 Nc6 17. Ra1 Nb4 18. Ke2 Rad8 19. Rhc1 c6 20. Rc4 a5
21. Rxb4 axb4 22. Rxa2 Ra8 23. Rc2 Rfd8 24. Nc4 Ra6 25. Nd6 g6 26. Nxb7 Rda8 27.
Kd3 Ra2 28. Rxc6 Rxg2 29. e6 Rxh2 30. e7 Re8 31. Rc7 Rb8 32. Nd8 Kg7 33. e8=Q+
Kh6 34. Qf8+ Kh5 35. Rxh7+ Kg4 36. Rxh2 Kg3 37. Qh6 Rxd8+ 38. Ke2 1-0

[Event "Challenge"]
[Site "http://www.queenalice.com/game.php?id=426594"]
[Date "2008.7.3"]
[Round "-"]
[White "AllanTadeu"]
[Black "superhomem222"]
[Result "0-1"]
[WhiteElo "1413"]
[BlackElo "1432"]

1. e3 b6 2. d4 g6 3. Nc3 Bg7 4. Nb5 a6 5. Nc3 d5 6. f4 Bb7 7. Nf3 h6 8. b4 e6 9.
Bd3 Qe7 10. Qe2 Nc6 11. a3 g5 12. O-O g4 13. Ne5 h5 14. Nxc6 Bxc6 15. f5 b5 16.
e4 Bxd4+ 17. Be3 Bxc3 18. Rac1 d4 19. Bf4 e5 20. Bg3 a5 21. Qf2 axb4 22. axb4
Qxb4 23. Bxe5 f6 0-1

[Event "Challenge"]
[Site "http://www.queenalice.com/game.php?id=428706"]
[Date "2008.7.6"]
[Round "-"]
[White "AllanTadeu"]
[Black "pussycatdolls"]
[Result "0-1"]
[WhiteElo "1398"]
[BlackElo "1413"]

1. e4 e5 2. d4 d5 3. Nc3 exd4 4. Qxd4 Nc6 5. Qe3 f5 6. exf5+ Qe7 7. Nxd5 Qxe3+
8. Bxe3 Nge7 9. Nxc7+ Kd7 10. Nxa8 Nxf5 11. O-O-O+ Ke7 12. Bg5+ Kf7 13. Bc4+ Be6
14. Bxe6+ Kxe6 15. Nc7+ Kf7 16. h4 h6 17. g4 Nfd4 0-1